| 000 | 01354cam a22003854i 4500 | ||
|---|---|---|---|
| 001 | 2027 | ||
| 003 | FISKH | ||
| 005 | 20240205151437.0 | ||
| 008 | 130830s2014 nyua j b 001 0 eng | ||
| 010 | _a 2013035580 | ||
| 020 | _a0531186644) | ||
| 020 | _a9780531238547 (pbk. : alk. paper) | ||
| 040 |
_aDLC _beng _cDLC _erda _dDLC |
||
| 042 | _apcc | ||
| 043 | _aev----- | ||
| 050 | 0 | 0 |
_aDL65 _bL34 2014 |
| 082 | 0 | 0 |
_a948/022 _223 |
| 100 | 1 |
_aLangley, Andrew _d1949- |
|
| 245 | 1 | 0 |
_aYou wouldn't want to be a Viking explorer! : _bvoyages you'd rather not make / _cwritten by Andrew Langley ; illustrated by David Antram ; Created and designed by David Salariya |
| 246 | 3 | _aYou would not want to be a Viking explorer! | |
| 250 | _aFirst Scholastic printing, February 2002 | ||
| 264 | 1 |
_aNew York : _bScholastic, _c2000 |
|
| 300 |
_a32 pages : _bcolor illustrations ; _c25 cm |
||
| 338 |
_avolume _2rdacarrier |
||
| 490 | 0 | _aYou wouldn't want to be | |
| 505 | _aZ | ||
| 520 | _aA lighthearted approach to the Viking explorers and their way of life. | ||
| 521 | 8 |
_a910
_bLexile IG |
|
| 521 | 8 |
_aZ
_bRaz-Plus |
|
| 650 | 0 |
_aVikings _vJuvenile literature. |
|
| 700 | 1 |
_aAntram, David _d1958- _eillustrator |
|
| 700 | 1 |
_aSalariya, David _eCreator _eDesigner |
|
| 906 |
_a7 _bcbc _corignew _d1 _eecip _f20 _gy-gencatlg |
||
| 942 |
_2ddc _cBK _n0 |
||
| 999 |
_c2027 _d2027 |
||